Szczegóły MARC21

Flaneur : die Ermöglichung der Lebenskunst im Spätwerk Thomas Bernhards /

003 -Nazwa inst., której nr kontr. jest w polu 001 [,]
    • @
    • Nazwa instytucji, której n kontrolny jest w polu 001
    • NUKAT
005 -DATA I CZAS OSTATNIEJ MODYFIKACJI [,]
    • @
    • pole kontrolne
    • 20241231103546.0
020 -Międzynarod. znormalizowany nr książki - ISBN [ , ]
    • a
    • Numer ISBN
    • 3925678727 Find
040 -Instytucja sporządzająca opis [ , ]
    • a
    • Instytucja, która sporządziła opis (NP)
    • SZCZ U/AB
    • b
    • Język katalogowania
    • pol
    • e
    • Zasady katalogowania
    • rda
    • c
    • Instytucja, która sporządziła rekord (NP)
    • SZCZ U/ABs
942 -Rodzaj dokumentu [ , ]
    • c
    • Rodzaj dokumentu
    • Książka
100 -Hasło główne - nazwa osobowa [1, ]
    • a
    • Nazwa osobowa (NP)
    • Nickel, Eckhart
    • d
    • Daty biograficzne (NP)
    • (1966- ).
    • e
    • Rodzaj współpracy
    • Autor
    • 9
    • KHW
    • 646059
245 -Strefa tytułu i oznaczenia odpowiedzialności [1,0]
    • a
    • Tytuł
    • Flaneur : Find
    • b
    • Ciąg dalszy tytułu (NP)
    • die Ermöglichung der Lebenskunst im Spätwerk Thomas Bernhards / Find
    • c
    • Pozostałe elementy strefy tytułu i oznaczenia odpowiedzialności (NP)
    • Eckhart Nickel.
246 -Wariant tytułu [1,8]
    • a
    • Tytuł (NP)
    • Flaneur
260 -Strefa adresu wydawniczego [ , ]
    • a
    • Miejsce wydania (P)
    • Heidelberg :
    • b
    • Nazwa wydawcy (P)
    • Manutius Verlag,
    • c
    • Data wydania (P)
    • 1997.
300 -Strefa opisu fizycznego [ , ]
    • a
    • Określenie formy książki i/lub objętość (NP)
    • [6], 194 strony ;
    • c
    • Format (NP)
    • 22 cm.
336 -Typ zawartości [ , ]
    • a
    • Termin opisujący typ zawartości
    • Tekst
    • b
    • Kod określający zawartość
    • txt
    • 2
    • Źródło (terminu i kodu)
    • rdacontent
337 -Typ mediów [ , ]
    • a
    • Tryb odtwarzania
    • Bez urządzenia pośredniczącego
    • b
    • Kod typu mediów
    • n
    • 2
    • Źródło (terminu i kodu)
    • rdamedia
338 -Typ/rodzaj nośnika [ , ]
    • a
    • Hasło opisujące typ nośnika
    • Wolumin
    • b
    • Kod typu nośnika
    • nc
    • 2
    • Źródło (terminu i kodu)
    • rdacarrier
502 -Uwaga dot. dysertacji [ , ]
    • a
    • Uwaga dot. dysertacji
    • Praca doktorska. Universität Heidelberg, 1997.
504 -Uwaga dot. bibliogr. załącznikowej [ , ]
    • a
    • Uwaga dot. bibliografii załącznikowej
    • Bibliografia na stronach 155-166.
080 -Uniwersalna Klasyfikacja Dziesiętna [ , ]
    • a
    • Symbol klasyfikacji
    • 830(463)(091)"19"Bernhard T.=30
080 -Uniwersalna Klasyfikacja Dziesiętna [ , ]
    • a
    • Symbol klasyfikacji
    • :82.03=30
600 -Hasło przedmiotowe w formie nazwy osobowej [1,7]
    • a
    • Nazwa osobowa
    • Bernhard, Thomas
    • d
    • Daty związane z nazwą
    • (1931-1989)
    • x
    • Określnik rzeczowy
    • krytyka i interpretacja.
    • 2
    • Źródło terminu
    • kaba
    • 9
    • KHW
    • 461125
600 -Hasło przedmiotowe w formie nazwy osobowej [1,7]
    • a
    • Nazwa osobowa
    • Bernhard, Thomas
    • d
    • Daty związane z nazwą
    • (1931-1989).
    • t
    • Tytuł
    • Auslöschung
    • 2
    • Źródło terminu
    • kaba
    • 9
    • KHW
    • 646110
650 -Hasło przedmiotowe [ ,7]
    • a
    • Hasło przedmiotowe
    • Duchowość.
    • 2
    • Źródło terminu
    • kaba
    • 9
    • KHW
    • 106607
650 -Hasło przedmiotowe [ ,7]
    • a
    • Hasło przedmiotowe
    • Dandyzm.
    • 2
    • Źródło terminu
    • kaba
    • 9
    • KHW
    • 105742
980 -Symbol UKD [ , ]
    • a
    • UKD
    • 830(463)(091)"19"Bernhard T.:82.03]=30
710 -Hasło dodatkowe - nazwa ciała zbiorowego [2, ]
    • a
    • Nazwa ciała zbiorowego lub nazwa geograficzna jako pierwszy element (NP)
    • Manutius Verlag Frank Würker.
    • e
    • Rodzaj współpracy
    • Wydawca
    • 4
    • Kod relacji
    • pbl
    • 9
    • KHW
    • 487935
920 -ISBN [ , ]
    • a
    • ISBN
    • 3-925678-72-7 Find
Lokalizacja Data inwentaryzacji Status udost. Numer inwentarzowy Sygnatura
BM2002-02-15-3G.15975Germ. Literaturozn.–Bernhard 02